000 00298nam a22001337a 4500
008 170710b xxu||||| |||| 00| 0 eng d
020 _a9780312069612
041 _aeng
080 _a030
100 _a23
101 _aENC
245 _aTHE ENCYCLOPEDIA SEXUAL TRIVIA
_cSMITH,.R
942 _2udc
_cBK
999 _c20185
_d20185